Poética /

Guardat en:
Dades bibliogràfiques
Autor principal: Hegel, Georg Wilhelm Friedrich, 1770-1831
Format: Desconegut
Idioma:Spanish
Publicat: Argentia : Espasa - Galpe, [fecha de publicación no identificada].
Matèries:
Etiquetes: Afegir etiqueta
Sense etiquetes, Sigues el primer a etiquetar aquest registre!

MARC

LEADER 000000000a22000000004500
001 006639
041 0 |a spa 
082 0 4 |a 408.109   |b H462p 
100 1 |a Hegel, Georg Wilhelm Friedrich,   |d 1770-1831 
245 1 0 |a Poética /   |c Georg Wilhelm Friedrich Hegel. 
260 1 |a Argentia :   |b Espasa - Galpe,   |c [fecha de publicación no identificada]. 
300 |a 212 páginas 
650 4 |a POETICA 
650 4 |a POESIA 
999 |c 12120  |d 12120 
942 |c BK  |h 408.109 H462p  |2 z